[Event "VIE-ch U09"]
[Site "Hai Phong"]
[Date "2018.07.12"]
[Round "8"]
[White "Giap, Xuan Cuong"]
[Black "Nguyen, Kim Khanh Hung"]
[Result "1/2-1/2"]
[WhiteElo "1922"]
[BlackElo "1932"]
[PlyCount "40"]
[EventDate "2018.07.07"]
[EventType "swiss"]
[EventRounds "9"]
[EventCountry "VIE"]
[SourceTitle "EXT 2019"]
[Source "ChessBase"]
[SourceDate "2018.10.10"]
[SourceVersion "1"]
[SourceVersionDate "2018.10.10"]
[SourceQuality "1"]

1. d4 e6 2. e4 d5 3. Nd2 Nf6 4. e5 Nfd7 5. Bd3 c5 6. c3 Qb6 7. Ne2 Nc6 8. Nf3 cxd4 9. Nexd4 Ndxe5 10. Nxc6 Nxc6 11. Rb1 Bc5 12. 0-0 0-0 13. Qe2 Bd7 14. Rd1 Bd6 15. Nd4 Qc7 16. Qh5 h6 17. Bxh6 gxh6 18. Qxh6 f5 19. Qg6+ Kh8 20. Qh6+ Kg8 1/2-1/2

[Event "VIE-ch U09"]
[Site "Hai Phong"]
[Date "2018.07.11"]
[Round "7"]
[White "Tran, Le Quang Khai"]
[Black "Nguyen, Kim Khanh Hung"]
[Result "1/2-1/2"]
[WhiteElo "1934"]
[BlackElo "1932"]
[PlyCount "102"]
[EventDate "2018.07.07"]
[EventType "swiss"]
[EventRounds "9"]
[EventCountry "VIE"]
[SourceTitle "EXT 2019"]
[Source "ChessBase"]
[SourceDate "2018.10.10"]
[SourceVersion "1"]
[SourceVersionDate "2018.10.10"]
[SourceQuality "1"]

1. e4 e6 2. d4 d5 3. exd5 exd5 4. Bd3 Bd6 5. Nc3 c6 6. Be3 Ne7 7. Nge2 Bf5 8. 0-0 0-0 9. Bg5 f6 10. Be3 Qc7 11. h3 Nd7 12. a3 Rfe8 13. Re1 Bxd3 14. cxd3 Nf5 15. Rc1 Nb6 16. Nb5 Qd7 17. Nxd6 Qxd6 18. Nc3 Re7 19. Qd2 Rae8 20. Re2 Nd7 21. Rce1 Nxe3 22. Rxe3 Rxe3 23. Rxe3 Rxe3 24. Qxe3 Kf7 25. g3 Qe6 26. Qxe6+ Kxe6 27. Kg2 Nb6 28. b3 Nc8 29. a4 Nd6 30. g4 f5 31. Kg3 g6 32. f3 Kf6 33. h4 a6 34. Ne2 g5 35. Nc3 f4+ 36. Kf2 Ke7 37. Ke2 Kd7 38. Kd2 Nc8 39. Kc2 Ne7 40. Ne2 Ng6 41. Ng1 Nxh4 42. Kd2 Ng2 43. Kc3 b6 44. Kb4 Ne3 45. Kc3 Nd1+ 46. Kc2 Ne3+ 47. Kc3 b5 48. a5 Ke7 49. Kd2 Kf6 50. Ne2 Kg7 51. Nc1 h5 1/2-1/2

[Event "VIE-ch U09"]
[Site "Hai Phong"]
[Date "2018.07.10"]
[Round "6"]
[White "Nguyen, Kim Khanh Hung"]
[Black "Nguyen, Trung Minh"]
[Result "1/2-1/2"]
[WhiteElo "1932"]
[BlackElo "1931"]
[PlyCount "110"]
[EventDate "2018.07.07"]
[EventType "swiss"]
[EventRounds "9"]
[EventCountry "VIE"]
[SourceTitle "EXT 2019"]
[Source "ChessBase"]
[SourceDate "2018.10.10"]
[SourceVersion "1"]
[SourceVersionDate "2018.10.10"]
[SourceQuality "1"]

1. e4 e6 2. d4 d5 3. exd5 exd5 4. Bd3 Bd6 5. c3 Nf6 6. Qc2 0-0 7. Bg5 h6 8. Bh4 Re8+ 9. Ne2 Be7 10. Bg3 Bg4 11. 0-0 Bxe2 12. Bxe2 Ne4 13. Bf3 Ng5 14. Be2 Nc6 15. Nd2 Bd6 16. Nf3 Na5 17. Nxg5 Qxg5 18. Bxd6 cxd6 19. Bb5 Re6 20. Bd3 Nc4 21. Bxc4 dxc4 22. Rfe1 Rae8 23. Rxe6 Rxe6 24. Rd1 Qe7 25. Qd2 Re2 26. Qc1 d5 27. f3 a6 28. Kf1 Kf8 29. Re1 Rxe1+ 30. Qxe1 Qxe1+ 31. Kxe1 b5 32. Ke2 Ke7 33. Ke3 Ke6 34. g4 f5 35. h3 g6 36. h4 fxg4 37. fxg4 g5 38. hxg5 hxg5 39. Kd2 Kd6 40. Kc2 Kc6 41. Kd2 Kd6 42. Kc2 Ke6 43. Kd2 Kd6 44. Kc2 Kc6 45. Kb1 Kb6 46. Kc2 Ka5 47. Kb1 b4 48. Kc2 Ka4 49. Kb1 bxc3 50. bxc3 Ka3 51. Ka1 Ka4 52. Kb2 a5 53. Kb1 Ka3 54. Ka1 Ka4 55. Kb2 Kb5 1/2-1/2